| 000 | 00438nam a22001457a 4500 | ||
|---|---|---|---|
| 082 | _aT-165 DM | ||
| 100 |
_aFiaz Hussain Shah, Engr. _948595 |
||
| 245 |
_aAssessment of glaciers fluctuation in Shigar basin for impact on water resources _cFiaz Hussain Shah, Engr. |
||
| 260 |
_aRisalpur _bMCE _c2014 |
||
| 300 | _ap 59.: | ||
| 526 |
_a0 _b0 _c0 _dT_165_DM |
||
| 650 | _aDisaster Management | ||
| 650 |
_aThesis _934811 |
||
| 942 |
_2ddc _cBK |
||
| 999 |
_c551469 _d551469 |
||